Estudios sobre el Gobierno / (Registro nro. 160606)
[ vista simple ]
| 000 -LEADER | |
|---|---|
| fixed length control field | 01435cam a2200313 i 4500 |
| 008 - FIXED-LENGTH DATA ELEMENTS--GENERAL INFORMATION | |
| fixed length control field | 080423s2007 sp 000 0 spa d |
| 017 ## - | |
| -- | D.L.M51938-2007 |
| 020 ## - INTERNATIONAL STANDARD BOOK NUMBER | |
| International Standard Book Number | 978-84-7351-269-5 |
| 035 ## - | |
| -- | 5546 |
| 040 ## - CATALOGING SOURCE | |
| Original cataloging agency | BUS |
| Modifying agency | vLex |
| 080 ## - | |
| -- | 342.51(460) |
| 090 ## - | |
| -- | 2173 |
| -- | 2173 |
| 100 1# - MAIN ENTRY--PERSONAL NAME | |
| Personal name | García Fernández, Javier. |
| 245 10 - TITLE STATEMENT | |
| Title | Estudios sobre el Gobierno / |
| Statement of responsibility, etc | Javier García Fernandez. |
| Medium | [Recurso electrónico] |
| 256 ## - | |
| -- | Servicio en línea. |
| 260 ## - PUBLICATION, DISTRIBUTION, ETC. (IMPRINT) | |
| Place of publication, distribution, etc | Madrid : |
| Name of publisher, distributor, etc | Instituto Nacional de Administración Pública, |
| Date of publication, distribution, etc | 2007. |
| 300 ## - PHYSICAL DESCRIPTION | |
| Extent | 516 p.; |
| Dimensions | 24 cm. |
| 490 1# - SERIES STATEMENT | |
| Series statement | Estudios y documentos / Instituto Nacional de Administración Pública. |
| 506 1# - RESTRICTIONS ON ACCESS NOTE | |
| Terms governing access | Contenido solo disponible en los productos indicados |
| Authorized users | vLex Global |
| -- | vLex Global (Academic Edition, excluding Law Schools) |
| -- | vLex Global (U.S. Academic Edition, Law Schools) |
| -- | vLex Global (U.S. Academic Edition, excluding Law Schools) |
| -- | vLex Global (Academic Edition, Law Schools) |
| 650 07 - SUBJECT ADDED ENTRY--TOPICAL TERM | |
| Topical term or geographic name as entry element | Administración pública |
| Source of heading or term | Tesauro vLex |
| 650 07 - SUBJECT ADDED ENTRY--TOPICAL TERM | |
| Source of heading or term | Tesauro vLex |
| Topical term or geographic name as entry element | Administración General del Estado |
| 650 07 - SUBJECT ADDED ENTRY--TOPICAL TERM | |
| Source of heading or term | Tesauro vLex |
| Topical term or geographic name as entry element | Órganos constitucionales |
| 650 07 - SUBJECT ADDED ENTRY--TOPICAL TERM | |
| Source of heading or term | Tesauro vLex |
| Topical term or geographic name as entry element | Gobierno |
| 740 0# - | |
| -- | vLex Libros (Servicio en línea) |
| 810 2# - | |
| -- | Instituto Nacional de Administración Pública (España). |
| -- | Estudios y documentos. |
| 856 40 - LOCALIZACIÓN Y ACCESO ELECTRÓNICO | |
| Identificador Uniforme del Recurso (URI/URL) | https://app.vlex.com/#/sources/estudios-sobre-gobierno-5546 |
| 942 ## - | |
| -- | RAA |
| 999 ## - | |
| -- | 160606 |
| -- | 160606 |
No hay ítems disponibles.